[Event "FIDE Chesscom Grand Swiss 2019"]
[Site "Douglas-Isle of Man"]
[Date "2019.10.15"]
[Round "6.1"]
[White "Caruana, Fabiano"]
[Black "Fedoseev, Vladimir"]
[Result "1-0"]
[WhiteElo "2812"]
[BlackElo "2664"]
[Annotator "TA"]
[PlyCount "69"]
[EventDate "2019.10.10"]
[EventType "swiss"]
[EventCountry "GBR"]
[SourceTitle "playchess.com"]
[Source "ChessBase"]
[SourceQuality "1"]

{[%evp 19,87,47,47,31,66,67,60,62,62,64,76,86,77,25,155,144,141,134,147,40,37,54,37,45,44,38,168,171,159,144,241,226,370,354,376,376,376,352,441,417,560,559,550,550,595,591,672,676,708,702,991,955,1298,718,706,700,711,693,687,683,659,579,586,582,4686,3110,2099,1055,1893,1730]} 1. e4 c5 2. Nf3 Nc6 3. Bb5 g6 4. O-O Bg7 5. c3 e5 6. d4 cxd4 7. cxd4 exd4 8. Bf4 Nge7 9. Bd6 O-O 10. Nbd2 a6 11. Qa4 {[%mdl 1024] White has compensation. B31: Sicilian: 2...Nc6 3 Bb5 g6} (11. Bc4 b5 12. Bd5 Bb7 13. Nb3 Nxd5 14. Bxf8 Qxf8 15. exd5 Nb4 16. Nbxd4 Bxd5 17. a3 Nc6 18. Rc1 Re8 19. b3 Qd6 {0-1 (39) Santos Latasa,J (2594)-Maghsoodloo,P (2656) Leon 2019}) 11... Ra7 12. Bd3 b5 13. Qc2 $146 {White is slightly better.} ({Predecessor:} 13. Qd1 Bb7 14. a4 bxa4 15. Qxa4 a5 16. Rfd1 h6 {½-½ (26) Ruck,R (2530)-Ivic,V (2511) Mali Losinj 2019}) 13... Bb7 14. a4 bxa4 15. Rxa4 a5 16. h4 (16. Rfa1 $16) 16... Ba6 (16... Nc8 $11 {keeps the balance.} 17. Bxf8 Bxf8) 17. Bxa6 $16 Rxa6 {[#]} 18. b4 $1 {[%cal Rb4b5]} Na7 19. Qc5 (19. Bc5 $16) 19... Nac8 $14 20. Bc7 Qe8 $1 {Strongly threatening ...d6.} 21. b5 $36 {[%mdl 2048] White has good play.} d6 22. Qc4 d5 (22... Nb6 $14 23. Bxb6 Rxb6) 23. Qc5 $18 (23. exd5 Nd6 $11) 23... dxe4 24. Nxe4 (24. bxa6 $6 Qxa4 25. Nxe4 Qc6 $11) (24. Nxd4 $6 Ra7 $11) 24... d3 (24... Ra7 $16) 25. Ra3 (25. Rxa5 $6 Rxa5 26. Bxa5 Qd7 $16) (25. Bxa5 Re6 $16) 25... Re6 (25... Ra7 $142 26. b6 (26. Rxd3 Rb7 $16) (26. Rxa5 Rxa5 27. Bxa5 Qd7 $16) (26. Bxa5 Rd7 $16) 26... Rb7) 26. Nfg5 Nf5 27. Nxe6 Qxe6 28. Ra4 Re8 29. b6 Qd7 30. Qxa5 {White is clearly winning.} Nxb6 31. Bxb6 Qc6 32. f3 d2 33. Bf2 Bh6 34. Ra3 Qc2 35. Nf6+ {Played: Qa5-d5} 1-0

[Event "FIDE Chesscom Grand Swiss 2019"]
[Site "Douglas-Isle of Man"]
[Date "2019.10.15"]
[Round "6.1"]
[White "Howell, David W L"]
[Black "Akobian, Varuzhan"]
[Result "1-0"]
[WhiteElo "2694"]
[BlackElo "2625"]
[Annotator "RC"]
[PlyCount "70"]
[EventDate "2019.10.10"]
[EventType "swiss"]
[EventCountry "GBR"]
[SourceTitle "playchess.com"]
[Source "ChessBase"]
[SourceQuality "1"]
[TimeControl "40/6000+30:20/3000+30:900+30"]

1. c4 {[%emt 0:04:40]} e6 {[%emt 0:00:00]} 2. g3 {[%emt 0:00:53]} d5 {[%emt 0:00:08]} 3. Bg2 {[%emt 0:00:16]} Nf6 {[%emt 0:00:12]} 4. Nf3 {[%emt 0:00:32]} Be7 {[%emt 0:00:33]} 5. O-O {[%emt 0:01:46]} O-O {[%emt 0:02:44]} 6. d4 {[%emt 0:01:12]} Nbd7 {[%emt 0:00:15]} 7. Qc2 {[%emt 0:03:05]} c6 {[%emt 0:00:44]} 8. Nbd2 {[%emt 0:00:32]} b6 {[%emt 0:00:32]} 9. e4 {[%emt 0:00:08]} Bb7 {[%emt 0:05:17]} 10. e5 {[%emt 0:04:50]} Ne8 {[%emt 0:00:11]} 11. cxd5 {[%emt 0:00:14]} cxd5 {[%emt 0:00:14]} 12. Re1 {[%emt 0:00:14]} Rc8 {[%emt 0:10:45]} 13. Qd1 {[%emt 0:00:51]} Qc7 {[%emt 0:00:21]} 14. Nb1 {[%emt 0:01:27]} b5 {[%emt 0:28:58]} 15. Bf1 {[%emt 0:11:09]} b4 {[%emt 0:00:30]} 16. a3 {[%emt 0:19:45]} a5 {[%emt 0:08:36]} 17. axb4 {[%emt 0:01:42]} axb4 {[%emt 0:00:14]} 18. Bd3 {[%emt 0:06:15]} Qb6 {[%emt 0:02:01]} 19. Bf4 {[%emt 0:13:04]} Nc7 {[%emt 0:00:29]} 20. Nbd2 {[%emt 0:00:05]} Ra8 {[%emt 0:01:34]} 21. Rc1 {[%emt 0:01:07]} Rfc8 {[%emt 0:00:20]} 22. h4 {[%emt 0:00:42]} Ba6 {[%emt 0:00:45]} 23. Bb1 {[%emt 0:01:01]} Nb5 {[%emt 0:05:30]} 24. Nb3 {[%emt 0:02:16]} Rxc1 {[%emt 0:02:28]} 25. Bxc1 {[%emt 0:03:43]} Rc8 {[%emt 0:00:45]} 26. Ng5 {[%emt 0:10:43]} Nf8 {[%emt 0:14:21]} 27. Qh5 {[%emt 0:03:00]} Bxg5 {[%emt 0:00:44]} 28. Bxg5 {[%emt 0:00:50]} Nxd4 {[%emt 0:20:05]} 29. Be3 {[%emt 0:00:47]} Be2 {[%emt 0:03:34]} 30. Bxd4 {[%emt 0:01:23]} Qxd4 {[%emt 0:00:05]} 31. Qxe2 {[%emt 0:00:12]} Qb6 {[%emt 0:00:02]} 32. Qe3 {[%emt 0:02:26]} Qb8 {[%emt 0:00:24]} 33. h5 {[%emt 0:03:17]} Nd7 {[%emt 0:01:08]} 34. Kg2 {[%emt 0:01:28]} h6 {[%emt 0:01:54]} 35. Nd4 {[%emt 0:01:20]} Qa7 {[%emt 0:00:00]} 1-0

[Event "FIDE Chesscom Grand Swiss 2019"]
[Site "Douglas-Isle of Man"]
[Date "2019.10.15"]
[Round "6.2"]
[White "Maghsoodloo, Parham"]
[Black "Grischuk, Alexander"]
[Result "1/2-1/2"]
[WhiteElo "2664"]
[BlackElo "2759"]
[Annotator "TA"]
[PlyCount "47"]
[EventDate "2019.10.10"]
[EventType "swiss"]
[EventCountry "GBR"]
[SourceTitle "playchess.com"]
[Source "ChessBase"]
[SourceQuality "1"]

{[%evp 9,47,19,23,12,24,22,13,15,15,9,15,11,6,11,39,9,8,12,8,9,13,7,0,0,0,0,5,0,0,0,0,0,0,0,0,0,0,0,0,0]} 1. e4 e5 2. Nf3 Nc6 3. Bb5 Nf6 4. d3 Bc5 5. Bxc6 dxc6 6. Nbd2 {C65: Ruy Lopez: Berlin Defence (3...Nf6), unusual lines and 4 0-0 Bc5} Be6 7. Nb3 Bb6 8. Nxe5 $146 ({Predecessor:} 8. Qe2 Qe7 9. Bd2 a5 10. Bc3 Nd7 11. d4 a4 12. Nbd2 a3 13. b3 exd4 14. Bxd4 {0-1 (54) Caruana,F (2808)-Nakamura,H (2785) Paris 2017}) 8... Bxb3 $1 9. axb3 {With the idea 0-0.} Qd4 {[%csl Gb6][%cal Rd4f2][%mdl 64] [#] Double Attack} 10. Ng4 Nxg4 11. Qxg4 Qxf2+ {[%mdl 64] Double Attack} 12. Kd1 O-O {The position is equal.} 13. Ra4 f5 14. exf5 Qxf5 15. Bd2 Bc5 16. Re1 (16. Bc3 {is interesting.} Rf7 17. Re1 Qxg4+ 18. Rxg4 Bd6 19. h4) 16... Qxg4+ 17. Rxg4 Rae8 18. Rge4 (18. Rxe8 {feels hotter.} Rxe8 19. h4 Bd6 20. h5 Kf7 21. b4) 18... Rxe4 19. Rxe4 $11 {KRB-KRB} Rf1+ 20. Re1 Rf2 21. Re2 Rf1+ 22. Re1 Rf2 23. Re2 Rf1+ 24. Re1 {Accuracy: White = 86%, Black = 84%.} 1/2-1/2

[Event "FIDE Chesscom Grand Swiss 2019"]
[Site "Douglas-Isle of Man"]
[Date "2019.10.15"]
[Round "6.2"]
[White "Volokitin, Andrei"]
[Black "Vallejo Pons, Francisco"]
[Result "1/2-1/2"]
[WhiteElo "2627"]
[BlackElo "2694"]
[Annotator "RC"]
[PlyCount "75"]
[EventDate "2019.10.10"]
[EventType "swiss"]
[EventCountry "GBR"]
[SourceTitle "playchess.com"]
[Source "ChessBase"]
[SourceQuality "1"]
[TimeControl "40/6000+30:20/3000+30:900+30"]

1. e4 {[%emt 0:00:00]} c5 {[%emt 0:00:00]} 2. Nf3 {[%emt 0:00:00]} d6 {[%emt 0:00:00]} 3. d4 {[%emt 0:00:00]} cxd4 {[%emt 0:00:00]} 4. Nxd4 {[%emt 0:00:03]} Nf6 {[%emt 0:00:00]} 5. Nc3 {[%emt 0:00:04]} Nc6 {[%emt 0:00:00]} 6. Bg5 {[%emt 0:00:30]} e6 {[%emt 0:00:07]} 7. Qd2 {[%emt 0:00:08]} a6 {[%emt 0:00:12]} 8. O-O-O {[%emt 0:00:13]} Bd7 {[%emt 0:00:04]} 9. f4 {[%emt 0:00:46]} b5 {[%emt 0:00:49]} 10. Bxf6 {[%emt 0:01:11]} gxf6 {[%emt 0:00:21]} 11. Kb1 {[%emt 0:04:35]} Qb6 {[%emt 0:02:03]} 12. Nxc6 {[%emt 0:03:01]} Bxc6 {[%emt 0:00:20]} 13. Qe1 {[%emt 0:11:00]} Be7 {[%emt 0:06:16]} 14. Bd3 {[%emt 0:02:25]} a5 {[%emt 0:10:26]} 15. f5 {[%emt 0:02:43]} a4 {[%emt 0:06:55]} 16. a3 {[%emt 0:15:11]} b4 {[%emt 0:04:14]} 17. axb4 {[%emt 0:00:18]} Qxb4 {[%emt 0:06:59]} 18. Nb5 {[%emt 0:02:01]} Qxe1 {[%emt 0:04:44]} 19. Rhxe1 {[%emt 0:00:10]} Ra5 {[%emt 0:19:46]} 20. c4 {[%emt 0:10:32]} Rg8 {[%emt 0:03:40]} 21. g3 {[%emt 0:11:02]} Kf8 {[%emt 0:00:08]} 22. Bf1 {[%emt 0:13:22]} Rg4 {[%emt 0:20:14]} 23. fxe6 {[%emt 0:16:05]} fxe6 {[%emt 0:06:46]} 24. Bh3 {[%emt 0:02:58]} Rxe4 {[%emt 0:02:28]} 25. Bxe6 {[%emt 0:00:36]} Rxe1 {[%emt 0:05:19]} 26. Rxe1 {[%emt 0:00:03]} Bxb5 {[%emt 0:00:15]} 27. cxb5 {[%emt 0:00:04]} Rxb5 {[%emt 0:00:09]} 28. Ka2 {[%emt 0:03:39]} Re5 {[%emt 0:02:26]} 29. Rxe5 {[%emt 0:00:04]} dxe5 {[%emt 0:00:10]} 30. Bd7 {[%emt 0:00:23]} Kg7 {[%emt 0:07:40]} 31. Bxa4 {[%emt 0:00:56]} f5 {[%emt 0:00:02]} 32. Kb3 {[%emt 0:00:32]} Bc5 {[%emt 0:00:24]} 33. Kc4 {[%emt 0:00:20]} Bg1 {[%emt 0:00:08]} 34. h3 {[%emt 0:00:06]} h5 {[%emt 0:01:09]} 35. Bd7 {[%emt 0:02:22]} Kf6 {[%emt 0:00:27]} 36. g4 {[%emt 0:00:47]} fxg4 {[%emt 0:01:53]} 37. hxg4 {[%emt 0:00:02]} h4 {[%emt 0:01:07]} 38. Kd5 {[%emt 0:00:28]} 1/2-1/2

[Event "FIDE Chesscom Grand Swiss 2019"]
[Site "Douglas-Isle of Man"]
[Date "2019.10.15"]
[Round "6.3"]
[White "Wang, Hao"]
[Black "McShane, Luke J"]
[Result "1-0"]
[WhiteElo "2726"]
[BlackElo "2682"]
[Annotator "TA"]
[PlyCount "125"]
[EventDate "2019.10.10"]
[EventType "swiss"]
[EventCountry "GBR"]
[SourceTitle "playchess.com"]
[Source "ChessBase"]
[SourceQuality "1"]

{[%evp 11,125,35,32,14,8,17,37,17,9,14,30,21,38,28,33,26,43,41,43,50,42,42,42,39,43,40,80,62,160,153,127,47,50,12,14,21,3,7,77,77,76,80,114,107,134,116,107,112,118,106,116,111,102,104,91,98,99,96,166,170,263,266,275,265,253,172,287,270,301,196,188,0,301,300,300,304,347,342,363,356,373,349,332,347,511,520,1324,1307,1206,1107,2397,2559,2272,2100,4633,3001,12832,12835,12835,9322,12833,12823,12837,12837,12838,12837,12837,12838,12838,12838,12839,12839,12841,12840,29984,29985]} 1. d4 Nf6 2. c4 e6 3. g3 Bb4+ 4. Bd2 c5 5. Bxb4 cxb4 6. Bg2 O-O 7. e4 {E00: Catalan Bogo-Indian (3 g3 Bb4+)} d6 8. Ne2 Nc6 9. O-O {White is slightly better.} Bd7 $146 ({Predecessor:} 9... e5 10. Qd2 Qb6 11. Rd1 Bg4 12. f3 Bd7 13. Qe3 a5 14. Nd2 Nxd4 15. Nxd4 exd4 {0-1 (88) Zubritskiy,A (2442)-Naiditsch,A (2687) Tallinn 2016}) 10. Qd3 a5 11. Nd2 {[%cal Bb1d2,Bd2f1,Bf1e3][%mdl 32]} e5 12. Rfd1 Qb8 13. Rac1 Qa7 14. Nf1 Rac8 15. h3 Rfd8 16. Ne3 h6 17. b3 Qb8 18. f4 b5 19. cxb5 Ne7 ({Black should try} 19... Nxd4 $14 20. Nxd4 Rxc1 21. Rxc1 exd4 22. Qxd4 Bxb5) 20. Rxc8 $1 $16 Rxc8 {[#]} 21. dxe5 (21. b6 $1 $16 {And now fxe5 would win.} exf4 22. e5 (22. gxf4 Qxb6 23. Nc4 Qc7 $11) (22. Nxf4 Rc3 $14) 22... dxe5 23. dxe5 Qxe5 24. Nxf4 (24. gxf4 Qc5 $16)) 21... dxe5 $14 22. Qd6 (22. b6 $5 Qxb6 23. fxe5 $14) 22... Bxb5 23. Qxb8 Rxb8 24. fxe5 Nd7 (24... Bxe2 $11 25. Rd2 Nh5) 25. e6 $1 $36 {[%cal Re6d7][%mdl 2048] Black is under strong pressure.} fxe6 26. Nd4 Ne5 27. Nxe6 Rc8 28. Nd5 N7g6 29. Nd4 Be8 30. Bf1 Bf7 31. Kf2 Rc5 32. Bg2 Nf8 33. Ke3 Nfd7 34. Ne2 Kf8 {[#]} (34... Rc2 $16) 35. Rc1 $1 $18 Bxd5 (35... Rxc1 $142 36. Nxc1 Bxd5) 36. Rxc5 ({But not} 36. exd5 $6 Rxc1 37. Nxc1 Ke7 $16) 36... Nxc5 37. exd5 {[%mdl 4096] Endgame KBN-KNN} Ke7 38. Nd4 Nb7 (38... a4 $142 39. bxa4 Nc4+ 40. Ke2 Nxa4) 39. Ke4 Nd7 40. Kd3 Ne5+ 41. Ke4 (41. Ke3 $142) 41... Nd7 $1 42. Nc6+ Kd6 43. Kd4 Kc7 44. Bf3 Kb6 45. Ne5 Nf6 46. Nc4+ Kc7 47. Ke5 Ne8 (47... Kd7 $142 48. Bd1 Ke8) 48. Ke6 Ned6 (48... Kd8 $142 49. d6 Nc5+ 50. Kd5 Nd3 51. Nxa5 h5 52. Nc6+ Kd7 53. Nb8+ Kd8) 49. Nxd6 Nxd6 {KB-KN} 50. h4 g5 51. h5 Nb5 52. Ke7 Nd6 53. g4 Nb5 54. Be2 Nd6 55. Bd3 Nc8+ 56. Ke6 Nd6 57. Kf6 Kd8 58. Kg6 Ke7 59. Kxh6 Kf6 60. Kh7 Kf7 61. h6 Nc8 62. Bf5 Nd6 63. Be6+ {Accuracy: White = 79%, Black = 33%.} 1-0

[Event "FIDE Chesscom Grand Swiss 2019"]
[Site "Douglas-Isle of Man"]
[Date "2019.10.15"]
[Round "6.3"]
[White "Huschenbeth, Niclas"]
[Black "Grandelius, Nils"]
[Result "0-1"]
[WhiteElo "2624"]
[BlackElo "2691"]
[Annotator "ChessBase"]
[PlyCount "214"]
[EventDate "2019.10.10"]
[EventType "swiss"]
[EventCountry "GBR"]
[SourceTitle "playchess.com"]
[Source "ChessBase"]
[SourceQuality "1"]
[TimeControl "40/6000+30:20/3000+30:900+30"]

1. e4 {[%emt 0:00:00]} e5 {[%emt 0:00:27]} 2. Nf3 {[%emt 0:00:00]} Nc6 {[%emt 0:00:07]} 3. Bb5 {[%emt 0:00:00]} a6 {[%emt 0:00:28]} 4. Ba4 {[%emt 0:00:00]} Nf6 {[%emt 0:00:04]} 5. O-O {[%emt 0:00:00]} Bc5 {[%emt 0:02:39]} 6. c3 {[%emt 0:00:07]} b5 {[%emt 0:00:46]} 7. Bb3 {[%emt 0:00:04]} d6 {[%emt 0:00:25]} 8. a4 {[%emt 0:00:27]} b4 {[%emt 0:01:18]} 9. d4 {[%emt 0:13:09]} Ba7 {[%emt 0:01:07]} 10. h3 {[%emt 0:04:34]} O-O {[%emt 0:04:52]} 11. Be3 {[%emt 0:33:12]} bxc3 {[%emt 0:01:07]} 12. bxc3 {[%emt 0:00:05]} exd4 {[%emt 0:02:23]} 13. cxd4 {[%emt 0:00:06]} Nxe4 {[%emt 0:00:26]} 14. Bd5 {[%emt 0:00:36]} Qe8 {[%emt 0:00:30]} 15. Qc2 {[%emt 0:00:37]} Nb4 {[%emt 0:00:15]} 16. Qxe4 {[%emt 0:00:02]} Qxe4 {[%emt 0:00:07]} 17. Bxe4 {[%emt 0:00:02]} d5 {[%emt 0:00:12]} 18. Bxh7+ {[%emt 0:04:45]} Kxh7 {[%emt 0:00:08]} 19. Rc1 {[%emt 0:01:12]} Bf5 {[%emt 0:29:02]} 20. g4 {[%emt 0:06:49]} Bg6 {[%emt 0:01:49]} 21. Ne5 {[%emt 0:01:37]} Bc2 {[%emt 0:23:24]} 22. a5 {[%emt 0:09:52]} f6 {[%emt 0:09:32]} 23. Nf3 {[%emt 0:00:03]} Bg6 {[%emt 0:02:32]} 24. Nh4 {[%emt 0:08:19]} Bd3 {[%emt 0:12:20]} 25. Ra3 {[%emt 0:03:28]} Rab8 {[%emt 0:02:33]} 26. Nd2 {[%emt 0:02:45]} Rfc8 {[%emt 0:04:17]} 27. Ng2 {[%emt 0:09:42]} Kg8 {[%emt 0:01:25]} 28. Nf4 {[%emt 0:01:57]} Bh7 {[%emt 0:00:02]} 29. Rb3 {[%emt 0:03:02]} c6 {[%emt 0:00:22]} 30. h4 {[%emt 0:01:39]} Kf7 {[%emt 0:01:38]} 31. Nf3 {[%emt 0:01:53]} Na2 {[%emt 0:01:51]} 32. Rxb8 {[%emt 0:00:13]} Bxb8 {[%emt 0:00:01]} 33. Ra1 {[%emt 0:01:00]} Nc3 {[%emt 0:01:10]} 34. Rc1 {[%emt 0:00:13]} Bxf4 {[%emt 0:02:19]} 35. Rxc3 {[%emt 0:00:04]} Bd6 {[%emt 0:00:04]} 36. Rb3 {[%emt 0:03:31]} Rb8 {[%emt 0:00:18]} 37. Rxb8 {[%emt 0:00:27]} Bxb8 {[%emt 0:00:01]} 38. Kf1 {[%emt 0:01:33]} Bc7 {[%emt 0:02:01]} 39. Bd2 {[%emt 0:00:04]} Bd6 {[%emt 0:00:05]} 40. Ke2 {[%emt 0:00:59]} Ke6 {[%emt 0:05:01]} 41. Bc3 {[%emt 0:06:13]} Bb1 {[%emt 0:06:10]} 42. Ne1 {[%emt 0:10:30]} f5 {[%emt 0:16:28]} 43. f3 {[%emt 0:00:40]} g6 {[%emt 0:08:13]} 44. Nd3 {[%emt 0:07:09]} Bxd3+ {[%emt 0:03:27]} 45. Kxd3 {[%emt 0:00:04]} Bg3 {[%emt 0:00:06]} 46. h5 {[%emt 0:03:43]} gxh5 {[%emt 0:00:06]} 47. gxh5 {[%emt 0:00:04]} Kf6 {[%emt 0:00:49]} 48. Bd2 {[%emt 0:00:46]} Bc7 {[%emt 0:00:56]} 49. Ke2 {[%emt 0:06:02]} f4 {[%emt 0:02:03]} 50. Kd3 {[%emt 0:00:25]} Bd6 {[%emt 0:02:13]} 51. Be1 {[%emt 0:00:43]} Kg5 {[%emt 0:00:04]} 52. Ke2 {[%emt 0:00:32]} Kxh5 {[%emt 0:00:14]} 53. Kd3 {[%emt 0:00:21]} Kg5 {[%emt 0:00:39]} 54. Kc2 {[%emt 0:02:16]} c5 {[%emt 0:03:10]} 55. dxc5 {[%emt 0:00:03]} Bxc5 {[%emt 0:00:06]} 56. Kd3 {[%emt 0:01:21]} Be3 {[%emt 0:00:09]} 57. Ke2 {[%emt 0:00:51]} Kf5 {[%emt 0:00:59]} 58. Kd3 {[%emt 0:00:38]} Ke5 {[%emt 0:00:31]} 59. Bh4 {[%emt 0:02:07]} Bc1 {[%emt 0:02:14]} 60. Bf2 {[%emt 0:05:31]} Bb2 {[%emt 0:03:48]} 61. Be1 {[%emt 0:17:57]} Kd6 {[%emt 0:16:48]} 62. Bd2 {[%emt 0:01:56]} Be5 {[%emt 0:00:14]} 63. Be1 {[%emt 0:01:27]} Kc6 {[%emt 0:01:07]} 64. Bb4 {[%emt 0:04:35]} Kb5 {[%emt 0:01:13]} 65. Bd2 {[%emt 0:00:00]} Ka4 {[%emt 0:00:00]} 66. Kc2 {[%emt 0:00:00]} Ka3 {[%emt 0:00:00]} 67. Be1 {[%emt 0:00:00]} Bd4 {[%emt 0:00:00]} 68. Kd3 {[%emt 0:00:00]} Be3 {[%emt 0:00:00]} 69. Bh4 {[%emt 0:00:00]} Kb4 {[%emt 0:00:00]} 70. Bd8 {[%emt 0:00:00]} Kb5 {[%emt 0:00:00]} 71. Bc7 {[%emt 0:00:00]} Kc6 {[%emt 0:00:00]} 72. Be5 {[%emt 0:00:00]} Kd7 {[%emt 0:00:00]} 73. Bb8 {[%emt 0:00:00]} Ke6 {[%emt 0:00:00]} 74. Bc7 {[%emt 0:00:00]} Bc1 {[%emt 0:00:00]} 75. Bb8 {[%emt 0:00:00]} Kd7 {[%emt 0:00:00]} 76. Be5 {[%emt 0:00:00]} Kc6 {[%emt 0:00:00]} 77. Kc2 {[%emt 0:00:00]} Be3 {[%emt 0:00:00]} 78. Kd3 {[%emt 0:00:00]} Kc5 {[%emt 0:00:00]} 79. Bb8 {[%emt 0:01:03]} Kb4 {[%emt 0:00:00]} 80. Bc7 {[%emt 0:00:02]} Kb5 {[%emt 0:00:00]} 81. Kc3 {[%emt 0:01:02]} Kc6 {[%emt 0:01:42]} 82. Be5 {[%emt 0:00:35]} Kd7 {[%emt 0:00:42]} 83. Kd3 {[%emt 0:00:06]} Ke6 {[%emt 0:00:03]} 84. Bc7 {[%emt 0:00:08]} Kf5 {[%emt 0:00:19]} 85. Bb6 {[%emt 0:00:33]} Bc1 {[%emt 0:00:04]} 86. Kd4 {[%emt 0:00:28]} Ke6 {[%emt 0:00:10]} 87. Bc7 {[%emt 0:01:30]} Bb2+ {[%emt 0:02:23]} 88. Kd3 {[%emt 0:01:46]} Be5 {[%emt 0:00:09]} 89. Bb6 {[%emt 0:01:18]} Bd6 {[%emt 0:02:40]} 90. Kd4 {[%emt 0:00:41]} Be5+ {[%emt 0:00:45]} 91. Kd3 {[%emt 0:00:04]} Kd6 {[%emt 0:00:21]} 92. Bf2 {[%emt 0:00:14]} Kc6 {[%emt 0:00:34]} 93. Be1 {[%emt 0:00:38]} Kb5 {[%emt 0:00:23]} 94. Bd2 {[%emt 0:00:08]} Bc7 {[%emt 0:01:00]} 95. Kd4 {[%emt 0:00:24]} Bxa5 {[%emt 0:00:07]} 96. Bxf4 {[%emt 0:00:05]} Kc6 {[%emt 0:00:04]} 97. Be5 {[%emt 0:01:24]} Bb4 {[%emt 0:01:35]} 98. f4 {[%emt 0:00:31]} Bc5+ {[%emt 0:00:28]} 99. Kd3 {[%emt 0:00:14]} Bd6 {[%emt 0:00:41]} 100. Kd4 {[%emt 0:06:29]} a5 {[%emt 0:00:23]} 101. Bf6 {[%emt 0:00:32]} Bxf4 {[%emt 0:00:21]} 102. Bd8 {[%emt 0:00:02]} Bd2 {[%emt 0:00:19]} 103. Kd3 {[%emt 0:00:07]} Bb4 {[%emt 0:00:05]} 104. Kd4 {[%emt 0:00:23]} a4 {[%emt 0:01:00]} 105. Kd3 {[%emt 0:01:23]} Kb5 {[%emt 0:01:06]} 106. Kd4 {[%emt 0:00:31]} a3 {[%emt 0:03:15]} 107. Kd3 {[%emt 0:00:33]} d4 {[%emt 0:01:08]} 0-1

[Event "FIDE Chesscom Grand Swiss 2019"]
[Site "Douglas-Isle of Man"]
[Date "2019.10.15"]
[Round "6.4"]
[White "Carlsen, Magnus"]
[Black "Shirov, Alexei"]
[Result "1-0"]
[WhiteElo "2876"]
[BlackElo "2664"]
[Annotator "TA"]
[PlyCount "85"]
[EventDate "2019.10.10"]
[EventType "swiss"]
[EventCountry "GBR"]
[SourceTitle "playchess.com"]
[Source "ChessBase"]
[SourceQuality "1"]

{[%evp 16,85,19,19,20,18,25,10,45,45,41,41,47,46,52,50,57,52,104,60,66,25,57,8,16,17,58,50,70,68,57,60,70,64,168,168,165,162,201,194,175,157,131,133,158,129,140,156,156,133,158,122,145,128,547,560,518,516,463,454,397,366,887,901,1050,1101,982,1070,2876,3500,12839,12839]} 1. e4 e5 2. Nf3 Nf6 3. d4 Nxe4 4. Bd3 d5 5. Nxe5 Nd7 6. Nc3 Nxe5 7. dxe5 Nxc3 8. bxc3 Be7 9. O-O O-O {C43: Petroff Defence: 3 d4} 10. f4 f5 11. Be3 c5 {The position is equal.} (11... Be6 12. a4 Qd7 13. Qf3 Rfd8 14. Rfd1 c5 15. Kh1 g6 16. h3 Qc7 17. Qf2 {1-0 (60) Vitiugov,N (2732)-So,W (2767) Khanty-Mansiysk 2019}) 12. Be2 $146 ({Predecessor:} 12. c4 d4 13. Bd2 Be6 14. Rb1 Rb8 15. Qe2 Qd7 16. h3 g6 {1-0 (38) Korneev,O (2465)-Wehmeier,S (2315) Wisla 1992}) 12... Be6 13. Bf3 Qd7 14. a4 Rad8 15. Qe2 Qc7 16. Rfb1 b6 (16... Rd7 $14) 17. Rd1 g5 {aiming for ...g4.} 18. h3 Rd7 19. Rd2 Rfd8 20. Rad1 gxf4 21. Bxf4 d4 22. Qf2 Kh8 23. Kh1 Qc8 24. Kh2 Rg8 (24... Qc7 $14) 25. cxd4 $18 cxd4 26. Rxd4 Rxd4 27. Rxd4 Bc5 28. c3 Bxd4 29. cxd4 {And now d5 would win.} Qd7 30. Qd2 {Black must now prevent d5.} Bd5 {[#]} 31. e6 $1 {[%mdl 512]} Qxe6 {Hoping for ...Bxf3.} (31... Bxe6 32. Be5+) 32. Be5+ Rg7 {[#]} 33. Qc3 $1 {[%cal Rc3c7] Qc7 is the strong threat.} ({Much worse is} 33. Bxg7+ $6 Kxg7 34. Qg5+ Kf7 $14) 33... Bxf3 34. Qxf3 $16 {[%mdl 4096] Endgame Threatens to win with Qa8+. KQR-KQB} Qe8 $2 {[%mdl 8192]} (34... h5 $16 {is a better chance.}) 35. Qxf5 $18 Kg8 36. Bxg7 Kxg7 {KQ-KQ} 37. Qg5+ Kf8 38. Qf4+ Ke7 $2 (38... Qf7 39. Qe5 a5) 39. Qe4+ {White is clearly winning.} Kf8 40. Qxh7 Qxa4 41. Qf5+ Kg7 42. Qe5+ Kf7 43. h4 {Accuracy: White = 89%, Black = 44%.} 1-0